Longest animated movies franchises - Statistics

General Stats
  • This quiz has been taken 82 times
  • The average score is 5 of 14
Answer Stats
entries Answer % Correct
4 Shrek
91%
4 Toy Story
81%
3 Cars
54%
4 Despicable Me
51%
6 Ice Age
47%
4 Kung Fu Panda
42%
3 How to Train Your Dragon
39%
3 Madagascar
39%
4 Hotel Transylvania
14%
3 Trolls
14%
4 Norm of the North
5%
4 Open Season
5%
3 Rock Dog
2%
4 The Jungle Bunch
2%
No matching quizzes found
Score Distribution
Percent of People with Each Score
Percentile by Number Answered
Your Score History
You have not taken this quiz